| 000 | 00805cam a22002412 4500 | ||
|---|---|---|---|
| 001 | 0000018927 | ||
| 005 | 20151217145909.0 | ||
| 008 | 100816s xx 000 0 eng d | ||
| 020 | _a0199285334 | ||
| 040 |
_aKABU _cKABU |
||
| 100 | 1 |
_aBurn, E. H. _@0000177801 |
|
| 245 | 1 | 0 |
_aCheshire and Burn's modern law of real property / _cE. H. Burn, J. Cartwright. |
| 250 | _a17th ed. | ||
| 260 |
_aOxford : _bO. U. P., _c2006. |
||
| 300 | _acxxi, 1091 p. | ||
| 650 | 0 |
_aReal property _zGreat Britain. _@0000158265 |
|
| 700 | 1 |
_aCartwright, John. _@0000177803 |
|
| 700 | 1 |
_aCheshire, Geoffrey Chevalier. _@0000178411 |
|
| 852 | 1 | _9p5590 KES | |
| 852 | 1 | _9p5590 KES | |
| 908 | _a100816 | ||
| 950 | _@1 | ||
| 999 |
_c3836 _d3836 |
||